00620nam a22001817a 4500003000900000008004100009020001500050040007100065082001800136100001800154245005000172260009100222300002900313650003800342650001700380650003000397650001100427AR-CdUCM190220b ||||| |||| 00| 0 spa d a9972423654 aMUNICIPALIDAD PROVINCIAL DEL CUSCOcBIBLIOTECA MUNICIPAL DEL CUSCO a869.56 /bT45 aThays, Iván aLa disciplina de la vanidad /cThays, Iván  aPerú :bFondo editorial de la Pontificia Universidad Católica del Perú, c2000. a367 páginas ;c21 cm. aNarrativa contemporánea peruana aIván Thays aNarrativa latinoamericana aNovela